Most Famous Food and Snack Brands - Statistics

General Stats
  • This quiz has been taken 100 times
  • The average score is 4 of 18
Answer Stats
Fame (%) Food / Snack Brand % Correct
99% Lay's Chips
71%
100% Oreo
69%
98% Doritos
47%
98% Cheetos
43%
99% Frito-Lay
28%
99% Snickers
25%
98% Chips Ahoy!
22%
99% Cheez-It
16%
98% Ritz
11%
98% Tostitos
11%
98% Heinz Ketchup
10%
99% Kraft Mac and Cheese
9%
98% Kellogg's
8%
98% Cheerios
6%
99% Quaker
4%
99% Rice Krispies Treats
2%
98% Dove
1%
98% Jif
1%
No matching quizzes found
Score Distribution
Percent of People with Each Score
Percentile by Number Answered
Your Score History
You have not taken this quiz